<?xml version="1.0" encoding="UTF-8"?>
<record
    xmlns:xsi="http://www.w3.org/2001/XMLSchema-instance"
    xsi:schemaLocation="http://www.loc.gov/MARC21/slim http://www.loc.gov/standards/marcxml/schema/MARC21slim.xsd"
    xmlns="http://www.loc.gov/MARC21/slim">

  <leader>01319nam0a2200289   4500</leader>
  <controlfield tag="001">RU\NLR\BIBL_A\011312391</controlfield>
  <controlfield tag="005">20260406095253.0</controlfield>
  <datafield tag="010" ind1=" " ind2=" ">
    <subfield code="a">978-5-298-03226-1</subfield>
    <subfield code="9">2500</subfield>
  </datafield>
  <datafield tag="021" ind1=" " ind2=" ">
    <subfield code="a">RU</subfield>
    <subfield code="b">2016-88516</subfield>
    <subfield code="9">5820</subfield>
  </datafield>
  <datafield tag="035" ind1=" " ind2=" ">
    <subfield code="a">(NLR Aleph) 011312391</subfield>
  </datafield>
  <datafield tag="090" ind1=" " ind2=" ">
    <subfield code="a">11028263</subfield>
    <subfield code="c">11028263</subfield>
  </datafield>
  <datafield tag="100" ind1=" " ind2=" ">
    <subfield code="a">20170119d2016    m  y0rusy50      ca</subfield>
  </datafield>
  <datafield tag="101" ind1="0" ind2=" ">
    <subfield code="a">tat</subfield>
  </datafield>
  <datafield tag="102" ind1=" " ind2=" ">
    <subfield code="a">RU</subfield>
  </datafield>
  <datafield tag="105" ind1=" " ind2=" ">
    <subfield code="a">c   z   000 y</subfield>
  </datafield>
  <datafield tag="200" ind1="1" ind2=" ">
    <subfield code="a">&#x422;&#x430;&#x43B;&#x43B;&#x44B;&#x43A;&#x4AF;&#x43B;&#x434;&#x4D9; &#x431;&#x44B;&#x43B;&#x431;&#x44B;&#x43B; &#x431;&#x430;&#x440;</subfield>
    <subfield code="e">&#x43F;&#x43E;&#x432;&#x435;&#x441;&#x442;&#x44C;&#x43B;&#x430;&#x440;, &#x445;&#x438;&#x43A;&#x4D9;&#x44F;&#x43B;&#x4D9;&#x440;</subfield>
    <subfield code="f">&#x410;&#x439;&#x433;&#x4E9;&#x43B; &#x4D8;&#x445;&#x43C;&#x4D9;&#x442;&#x433;&#x430;&#x43B;&#x438;&#x435;&#x432;&#x430;</subfield>
  </datafield>
  <datafield tag="210" ind1=" " ind2=" ">
    <subfield code="a">&#x41A;&#x430;&#x437;&#x430;&#x43D;</subfield>
    <subfield code="c">&#x422;&#x430;&#x442;&#x430;&#x440;. &#x43A;&#x438;&#x442;. &#x43D;&#x4D9;&#x448;&#x440;.</subfield>
    <subfield code="d">2016</subfield>
  </datafield>
  <datafield tag="215" ind1=" " ind2=" ">
    <subfield code="a">285,[2] &#x431;.</subfield>
    <subfield code="c">&#x43F;&#x43E;&#x440;&#x442;&#x440;.</subfield>
    <subfield code="d">21</subfield>
  </datafield>
  <datafield tag="300" ind1=" " ind2=" ">
    <subfield code="a">&#x412; &#x432;&#x44B;&#x43F;. &#x434;&#x430;&#x43D;. &#x430;&#x432;&#x442;.: &#x410;&#x445;&#x43C;&#x435;&#x442;&#x433;&#x430;&#x43B;&#x438;&#x435;&#x432;&#x430; &#x410;&#x439;&#x433;&#x443;&#x43B;&#x44C; (&#x41C;&#x443;&#x43B;&#x43B;&#x430;&#x433;&#x430;&#x43B;&#x438;&#x435;&#x432;&#x430; &#x410;&#x439;&#x433;&#x443;&#x43B;&#x44C; &#x413;&#x430;&#x431;&#x434;&#x443;&#x43B;&#x43B;&#x43E;&#x432;&#x43D;&#x430;).</subfield>
  </datafield>
  <datafield tag="541" ind1="1" ind2=" ">
    <subfield code="6">z01790</subfield>
    <subfield code="a">&#x421;&#x43E;&#x43B;&#x43E;&#x432;&#x435;&#x439; &#x43E;&#x437;&#x435;&#x440;&#x430; &#x422;&#x430;&#x43B;&#x43B;&#x44B;&#x43A;&#x443;&#x43B;&#x44C;</subfield>
    <subfield code="e">[&#x43F;&#x43E;&#x432;&#x435;&#x441;&#x442;&#x438;, &#x440;&#x430;&#x441;&#x441;&#x43A;&#x430;&#x437;&#x44B;].</subfield>
    <subfield code="z">rus</subfield>
  </datafield>
  <datafield tag="686" ind1="1" ind2=" ">
    <subfield code="a">&#x428;6(2=&#x422;&#x430;&#x442;)7-4</subfield>
  </datafield>
  <datafield tag="700" ind1=" " ind2="1">
    <subfield code="4">070</subfield>
    <subfield code="8">tat</subfield>
    <subfield code="7">ca</subfield>
    <subfield code="a">&#x4D8;&#x445;&#x43C;&#x4D9;&#x442;&#x433;&#x430;&#x43B;&#x438;&#x435;&#x432;&#x430;</subfield>
    <subfield code="b">&#x410;. &#x413;. &#x43A;&#x44B;&#x437;&#x44B;</subfield>
    <subfield code="f">1973-</subfield>
    <subfield code="g">&#x410;&#x439;&#x433;&#x4E9;&#x43B; &#x413;&#x430;&#x431;&#x434;&#x443;&#x43B;&#x43B;&#x430; &#x43A;&#x44B;&#x437;&#x44B;</subfield>
    <subfield code="3">RU\NLR\auth-onl\771242</subfield>
    <subfield code="9">131297</subfield>
  </datafield>
  <datafield tag="790" ind1=" " ind2="1">
    <subfield code="4">070</subfield>
    <subfield code="7">ca</subfield>
    <subfield code="8">rus</subfield>
    <subfield code="a">&#x410;&#x445;&#x43C;&#x435;&#x442;&#x433;&#x430;&#x43B;&#x438;&#x435;&#x432;&#x430;</subfield>
    <subfield code="b">&#x410;. &#x413;.</subfield>
    <subfield code="f">1973-</subfield>
    <subfield code="g">&#x410;&#x439;&#x433;&#x443;&#x43B;&#x44C; &#x413;&#x430;&#x431;&#x434;&#x443;&#x43B;&#x43B;&#x43E;&#x432;&#x43D;&#x430;</subfield>
    <subfield code="3">RU\NLR\AUTH\770287684</subfield>
    <subfield code="9">2689657</subfield>
  </datafield>
  <datafield tag="852" ind1=" " ind2=" ">
    <subfield code="a">NLR</subfield>
    <subfield code="b">&#x41E;&#x41D;&#x41B;</subfield>
    <subfield code="j">&#x422;&#x430;&#x442;&#x430;&#x440;./3-14889</subfield>
  </datafield>
  <datafield tag="942" ind1=" " ind2=" ">
    <subfield code="c">BOOK</subfield>
  </datafield>
  <datafield tag="980" ind1=" " ind2=" ">
    <subfield code="a">NB</subfield>
  </datafield>
  <datafield tag="995" ind1=" " ind2=" ">
    <subfield code="5">2017-01-19</subfield>
    <subfield code="a">ad</subfield>
    <subfield code="b">NLR01</subfield>
    <subfield code="c">NLR01</subfield>
    <subfield code="e">ONL</subfield>
    <subfield code="f">1-1434031</subfield>
    <subfield code="k">&#x41E;&#x41D;&#x41B; &#x422;&#x430;&#x442;&#x430;&#x440;./3-14889</subfield>
    <subfield code="o">4</subfield>
    <subfield code="r">BOOK</subfield>
    <subfield code="s">_314889</subfield>
  </datafield>
</record>
